MARC details
| 000 -LEADER |
| fixed length control field |
02906nam a22002897a 4500 |
| 003 - CONTROL NUMBER IDENTIFIER |
| control field |
OSt |
| 005 - DATE AND TIME OF LATEST TRANSACTION |
| control field |
20240513034437.0 |
| 008 - FIXED-LENGTH DATA ELEMENTS--GENERAL INFORMATION |
| fixed length control field |
240506b ||||| |||| 00| 0 eng d |
| 040 ## - CATALOGING SOURCE |
| Language of cataloging |
English. |
| Transcribing agency |
CvSU-CCAT Campus Library. |
| Description conventions |
rda. |
| 050 ## - LIBRARY OF CONGRESS CALL NUMBER |
| Classification number |
UM TA 654.6 |
| Item number |
Ca38 2018 |
| 100 ## - MAIN ENTRY--PERSONAL NAME |
| Personal name |
Catchero, Christian Paul R., author. |
| 9 (RLIN) |
11978 |
| 245 ## - TITLE STATEMENT |
| Title |
Appnitude : a mobile application for earthquake effects simulation / |
| Statement of responsibility, etc. |
Christian Paul R. Catchero, Juan Lamberto T. Huerte, and Jaymar J. Perina. |
| 260 ## - PUBLICATION, DISTRIBUTION, ETC. |
| Place of publication, distribution, etc. |
Rosario, Cavite : |
| Name of publisher, distributor, etc. |
Cavite State University-CCAT Campus, |
| Date of publication, distribution, etc. |
2018. |
| 300 ## - PHYSICAL DESCRIPTION |
| Extent |
xiv, 119 leaves : |
| Other physical details |
illustrations ; |
| Dimensions |
28 cm |
| 500 ## - GENERAL NOTE |
| General note |
A Capstone Project (BSInfotech) -- Cavite State University-CCAT Campus, 2018. |
| 504 ## - BIBLIOGRAPHY, ETC. NOTE |
| Bibliography, etc. note |
Includes bibliographical references and appendices. |
| 520 ## - SUMMARY, ETC. |
| Thesis Abstract |
<a href="CATCHERO, CHRISTIAN PAUL R., HUERTE, JUAN LAMBERTO T., PERINA. JAYMAR J. APPNITUDE: A MOBILE APPLICATION FOR EARTHQUAKE EFFECTS SIMULATION. Capstone Project Bachelor of Science in Information Technology Cavite State University-CCAT Campus, Rosario, Cavite April 2018 Adviser Mr Karlo Jose E Nabablit<br/><br/>The study was conducted from November 2017 to May 2018 in Cavite State University CCAT Campus at Rosario, Cavite to develop a mobile application simulation that has connection to earthquake effects and safety Specifically, the study aimed to 1) design and develop a mobile application that is easy to use, 2) test and evaluate the mobile application called APPNITUDE using modified ISO IEC 25010 software evaluation tool, and, 3) install, deploy, and implement the application in mobile devices such as smart phones and tablet<br/><br/>In developing the research topic, the developers used the interactive model The model includes planning, analysis, designing, prototyping, evaluating and testing and system implementation phase<br/><br/>The evaluation was conducted at Alabang South Station, Alabang and Rosario, Cavite. The mobile application evaluation is composed of the following criteria. functional suitability, performance efficiency, compatibility, reliability, usability, maintainability, portability, effectiveness, efficiency, satisfaction and context coverage The participants of the study were composed of 23 end users and seven IT experts or mobile developers The mobile application gained a total score of 4.34 from system developers indicating a very satisfactory performance and 4 60 from end users indicating excellent functionalities.">CATCHERO, CHRISTIAN PAUL R., HUERTE, JUAN LAMBERTO T., PERINA. JAYMAR J. APPNITUDE: A MOBILE APPLICATION FOR EARTHQUAKE EFFECTS SIMULATION. Capstone Project Bachelor of Science in Information Technology Cavite State University-CCAT Campus, Rosario, Cavite April 2018 Adviser Mr Karlo Jose E Nabablit<br/><br/>The study was conducted from November 2017 to May 2018 in Cavite State University CCAT Campus at Rosario, Cavite to develop a mobile application simulation that has connection to earthquake effects and safety Specifically, the study aimed to 1) design and develop a mobile application that is easy to use, 2) test and evaluate the mobile application called APPNITUDE using modified ISO IEC 25010 software evaluation tool, and, 3) install, deploy, and implement the application in mobile devices such as smart phones and tablet<br/><br/>In developing the research topic, the developers used the interactive model The model includes planning, analysis, designing, prototyping, evaluating and testing and system implementation phase<br/><br/>The evaluation was conducted at Alabang South Station, Alabang and Rosario, Cavite. The mobile application evaluation is composed of the following criteria. functional suitability, performance efficiency, compatibility, reliability, usability, maintainability, portability, effectiveness, efficiency, satisfaction and context coverage The participants of the study were composed of 23 end users and seven IT experts or mobile developers The mobile application gained a total score of 4.34 from system developers indicating a very satisfactory performance and 4 60 from end users indicating excellent functionalities.</a> |
| 546 ## - LANGUAGE NOTE |
| Language note |
In English text. |
| 650 ## - SUBJECT ADDED ENTRY--TOPICAL TERM |
| Topical term or geographic name entry element |
Earthquake simulators. |
| 9 (RLIN) |
12720 |
| 650 ## - SUBJECT ADDED ENTRY--TOPICAL TERM |
| Topical term or geographic name entry element |
Earthquake simulators -- Testing. |
| 9 (RLIN) |
12721 |
| 700 ## - ADDED ENTRY--PERSONAL NAME |
| Personal name |
Huerte, Juan Lamberto T., author. |
| 9 (RLIN) |
11979 |
| 700 ## - ADDED ENTRY--PERSONAL NAME |
| Personal name |
Periña, Jaymar J., author. |
| 9 (RLIN) |
11980 |
| 700 ## - ADDED ENTRY--PERSONAL NAME |
| Personal name |
Nabablit, Karlo Jose E., adviser. |
| 9 (RLIN) |
5655 |
| 700 ## - ADDED ENTRY--PERSONAL NAME |
| Personal name |
Abad, Jenerry Y., technical critic. |
| 9 (RLIN) |
11888 |
| 942 ## - ADDED ENTRY ELEMENTS (KOHA) |
| Source of classification or shelving scheme |
Library of Congress Classification |
| Koha item type |
Thesis/Manuscripts/Dissertations |
| Call number prefix |
UM |
| Classification part |
TA 654.6 Ca38 2018 |